000 ncm a22 a 4500
999 _c349444
_d349444
003 BLK
005 20201007040652.0
008 200324b bu ||||| |||| 00| 0 bu d
040 _aBLK
041 _aBUL
_cBUL
080 _aКларинет. Етюди, гами, учебна литература
_b788.6.087.5
_z788.6.087.5
100 _aГанев, Георги
_eпърви автор
_91299
139 _aГанев, Георги
_bГ 20
245 _aРитмични упражнения и мелодии [Нотирана музика]
_bЗа кларинет : за естрадни изпълнители
_cГеорги Ганев
260 _9209430
_aСофия
_bМузика
_c1976
300 _a24 с.
_c30 см
380 _a7
500 _a540 тир.
852 _aМ ІІ 7149
942 _cNOT
_n0
_s1
944 _aCR
_c2020-03-24
_l2020-03-24
999 _d349444
999 _d349444
999 _d349443
999 _d349442
999 _d349441
999 _d349438
999 _d349436
999 _d349435
999 _d349434
999 _d349430
999 _d349430
999 _d349429
999 _d349428
999 _d349425
999 _d349423
999 _d349422
999 _d349421